Parki Narodowe Stanów Zjednoczonych - Statystyki

Ogólne statystyki
  • Ten quiz został rozwiązany 95 razy
  • Średni wynik to 13 z 59
Statystyki odpowiedzi
# Stan Nazwa parku narodowego % Poprawnych
58 Wyoming/Montana/Idaho Yellowstone
91%
11 Arizona Park Narodowy Wielkiego Kanionu
47%
28 Kalifornia Yosemite
47%
29 Kalifornia/Nevada Park Narodowy Doliny Śmierci
42%
18 Floryda Everglades
38%
1 Alaska Denali
36%
27 Kalifornia Park Narodowy Sekwoi
36%
39 Montana Glacier
35%
22 Kalifornia Joshua Tree
27%
52 Utah Zion
27%
48 Utah Arches
25%
31 Kentucky Park Narodowy Jaskini Mamuciej
25%
3 Alaska Glacier Bay
24%
33 Kolorado Park Narodowy Gór Skalistych
24%
26 Kalifornia Redwood
24%
36 Maine Acadia
22%
45 Teksas Big Bend
22%
17 Floryda Dry Tortugas
22%
2 Alaska Gates of the Arctic
22%
57 Wyoming Grand Teton
22%
47 Tennessee/Karolina Północna Great Smoky Mountains
22%
12 Arkansas Hot Springs
22%
4 Alaska Katmai
22%
35 Kolorado Mesa Verde
22%
59 Wyspy Dziewicze Park Narodowy Wysp Dziewiczych
22%
49 Utah Bryce Canyon
20%
50 Utah Canyonlands
20%
37 Michigan Isle Royale
20%
5 Alaska Kenai Fjords
20%
55 Waszyngton Olympic
20%
54 Waszyngton Park Narodowy Północnych Gór Kaskadowych
20%
9 Arizona Saguaro
20%
13 Dakota Południowa Badlands
18%
16 Floryda Biscayne
18%
41 Nowy Meksyk Carlsbad Caverns
18%
21 Kalifornia Channel Islands
18%
19 Hawaje Haleakalā
18%
6 Alaska Kobuk Valley
18%
53 Waszyngton Mount Rainier
18%
43 Oregon Park Narodowy Jeziora Kraterowego
18%
44 Samoa Amerykańskie Park Narodowy Samoa Amerykańskiego
18%
51 Utah Capitol Reef
16%
30 Karolina Południowa Congaree
16%
42 Ohio Cuyahoga Valley
16%
46 Teksas Guadalupe Mountains
16%
23 Kalifornia Kings Canyon
16%
7 Alaska Lake Clark
16%
10 Arizona Park Narodowy Skamieniałego Lasu
16%
56 Wirginia Shenandoah
16%
14 Dakota Południowa Wind Cave
16%
20 Hawaje Wulkany Hawai'i
16%
32 Kolorado Black Canyon of the Gunnison
15%
34 Kolorado Great Sand Dunes
15%
24 Kalifornia Lassen Volcanic
15%
15 Dakota Północna Park Narodowy Teodora Roosevelta
15%
40 Nevada Park Narodowy Wielkiej Kotliny
15%
38 Minnessota Voyageurs
15%
8 Alaska Park Narodowy Wrangla - Świętego Eliasza
13%
25 Kalifornia Pinnacles
11%
Nie znaleziono quizów pasujących do podanych kryteriów
Rozkład punktacji
Procent ludzi z każdym wynikiem
Percentyl według liczby udzielonych odpowiedzi
Twoja historia wyników
Nie rozwiązałeś tego quizu